[Event "Metz op 25th"]
[Site "Metz"]
[Date "2007.04.20"]
[Round "7"]
[White "Laurent, Bruno"]
[Black "Oboron, Georges"]
[Result "1-0"]
[WhiteElo "2399"]
[BlackElo "2017"]
[PlyCount "73"]
[EventDate "2007.04.14"]
[EventType "swiss"]
[EventRounds "9"]
[EventCountry "FRA"]
[SourceTitle "CBM 117 Extra"]
[Source "ChessBase"]
[SourceDate "2007.05.09"]
[SourceVersion "1"]
[SourceVersionDate "2007.05.09"]
[SourceQuality "1"]

1. d4 Nf6 2. Bg5 Ne4 3. Bf4 d5 4. e3 c6 5. f3 Nf6 6. Bd3 e6 7. Nd2 Nbd7 8. Bg3 c5 9. c3 c4 10. Bc2 Qb6 11. b3 cxb3 12. axb3 Qc6 13. Ne2 b5 14. 0-0 Bb7 15. c4 Bb4 16. c5 0-0 17. Nf4 Rfe8 18. Nd3 Bc3 19. Ra2 a5 20. Nb1 Bb4 21. Nxb4 axb4 22. Rxa8 Rxa8 23. Qd2 Ra2 24. Bxh7+ Nxh7 25. Qxa2 f6 26. Qa5 e5 27. Qxb4 Qc8 28. Nc3 Bc6 29. Ra1 Ng5 30. Qa5 exd4 31. exd4 Nxc5 32. dxc5 d4 33. Nxb5 Qd7 34. Nd6 Qe6 35. Qd2 Bxf3 36. Qxd4 Bd5 37. Re1 1-0

[Event "Ligue-ch"]
[Site "Evry"]
[Date "2003.05.24"]
[Round "4.2"]
[White "Oboron, Georges"]
[Black "Colson, Arnaud"]
[Result "0-1"]
[WhiteElo "2190"]
[BlackElo "2048"]
[PlyCount "90"]
[EventDate "2003.05.??"]
[EventType "swiss"]
[EventRounds "5"]
[EventCountry "FRA"]
[SourceTitle "EXT 2004"]
[Source "ChessBase"]
[SourceDate "2003.11.25"]
[SourceVersion "1"]
[SourceVersionDate "2003.11.25"]
[SourceQuality "1"]

1. e4 Nf6 2. e5 Nd5 3. c4 Nb6 4. d4 d6 5. f4 dxe5 6. fxe5 c5 7. d5 e6 8. Nf3 exd5 9. Nc3 dxc4 10. Qxd8+ Kxd8 11. Bg5+ Be7 12. 0-0-0+ Ke8 13. Nb5 Na6 14. Bxe7 Kxe7 15. Nd6 Rb8 16. Ng5 Be6 17. Nxe6 fxe6 18. Nxc4 Nd5 19. Nd6 Nab4 20. Bc4 Ne3 21. Rdf1 Nxf1 22. Rxf1 Rhf8 23. Rd1 a6 24. a3 Nc6 25. Re1 b5 26. Bb3 c4 27. Bd1 Nxe5 28. Rxe5 Kxd6 29. Rg5 g6 30. Bf3 Rf5 31. Rg4 e5 32. Re4 Rf4 33. Re1 Rbf8 34. Rd1+ Rd4 35. Re1 g5 36. h3 e4 37. Rxe4 Rxe4 38. Bxe4 h6 39. Bf3 Rxf3 40. gxf3 Ke5 41. Kd2 Kf4 42. Ke2 h5 43. Kf2 a5 44. Ke2 b4 45. a4 c3 0-1